SQL & PL/SQL queries / (Record no. 41270)

MARC details
000 -LEADER
fixed length control field 00765nam a22002177a 4500
005 - DATE AND TIME OF LATEST TRANSACTION
control field 20100812115710.0
010 ## - LCCN (DPL NO)
LC control number ENG-99785
020 ## - INTERNATIONAL STANDARD BOOK NUMBER
International Standard Book Number 9789380173887
Terms of availability 75.00
035 ## - SYSTEM CONTROL NUMBER
System control number EN-83317
037 ## - SOURCE OF ACQUISITION
Source of stock number/acquisition DBAD/PUB
082 ## - DEWEY DECIMAL CLASSIFICATION NUMBER
Classification number 005.756
100 ## - MAIN ENTRY--PERSONAL NAME
Personal name Devi, S. Rathna
245 ## - TITLE STATEMENT
Title SQL & PL/SQL queries /
Statement of responsibility, etc by S. Rathna Devi
260 ## - PUBLICATION, DISTRIBUTION, ETC. (IMPRINT)
Place of publication, distribution, etc Koradacherry
Name of publisher, distributor, etc Aruma Publication
Date of publication, distribution, etc 2009
270 ## - ADDRESS
Address 35, Gandhi Colony
City Koradacherry
Postal code 613703
300 ## - PHYSICAL DESCRIPTION
Extent 128p.
Dimensions 20cm (pbk)
650 ## - SUBJECT ADDED ENTRY--TOPICAL TERM
Topical term or geographic name as entry element Database Management
650 ## - SUBJECT ADDED ENTRY--TOPICAL TERM
Topical term or geographic name as entry element SQL (computer programme language)
942 ## - ADDED ENTRY ELEMENTS (KOHA)
Source of classification or shelving scheme Dewey Decimal Classification
Item type English Books
Classification part 005.756
Call number suffix DEV
Holdings
Withdrawn status Lost status Not for loan Collection code Home library Current library Date acquired Source of acquisition Cost, normal purchase price Full call number Barcode Copy number Cost, replacement price Koha item type
    Not For Loan Non-fiction D.B.Act.Division D.B.Act.Division 12/08/2010 DBAD/PUB 75.00 005.756 DEV EN-83317 1 75.00 English Books

© Delhi Public Library
Hit Counter
free hit counter